Guide du management : sous la direction de Philippe Mahrer
Αποθηκεύτηκε σε:
| Κύριος συγγραφέας: | |
|---|---|
| Μορφή: | Βιβλίο |
| Γλώσσα: | French |
| Δημοσίευση: |
Paris :
Seuil,
1992
|
| Θέματα: | |
| Ετικέτες: |
Προσθήκη ετικέτας
Δεν υπάρχουν, Καταχωρήστε ετικέτα πρώτοι!
|
MARC
| LEADER | 00000cam a2200000 i 4500 | ||
|---|---|---|---|
| 001 | 1/44735 | ||
| 008 | 140324s1992 fre d | ||
| 020 | |a 2-02-018936-4 | ||
| 035 | |l 10117179 | ||
| 040 | |a GR-MY-UA |b gre |e aacr | ||
| 041 | 0 | |a fre | |
| 082 | 0 | |a 658 |2 (23) | |
| 100 | 1 | |a Mahrer, Philippe. | |
| 245 | 1 | 0 | |a Guide du management : |b sous la direction de Philippe Mahrer / |c Philippe Mahrer |
| 260 | |a Paris : |b Seuil, |c 1992 | ||
| 300 | |a 745 σ.; |b πίν.; |c 25 σ. | ||
| 504 | |a Περιέχει βιβλιογραφικές παραπομπές και ευρετήριο | ||
| 650 | 0 | 0 | |a Management. |
| 852 | |a INST |b RHODES |e 20140324 |h 658 MAH |p 005400036313 |q 005400036313 |t BK |y 0 | ||
| 901 | |a BIBL4-2014-1 | ||
| 909 | |a Ρ |b 182818 | ||
| 922 | |a 4ΕΛΗ | ||
| 970 | |z 2014/03/24 | ||